Les dirigeants: managers ou propriétaires?

Príklad 200 veľkých francúzskych podnikov. Moc vlastníkov. Manažérska revolúcia. Ako sa človek stane vlastníkom. Malé podniky - vlastníkova moc. Ako sa stať vedúcim a vlastníkom malého a stredného podniku. (Cadres - CFDT 1990, č. 344.).

Guardado en:
Detalles Bibliográficos
Autor principal: Bauer, M.
Otros Autores: Bertin-Mourot, B.
Formato: Capítulo de libro
Lenguaje:francés
Materias:
Etiquetas: Agregar Etiqueta
Sin Etiquetas, Sea el primero en etiquetar este registro!

MARC

LEADER 00000naa a2200000 4500
001 r004777
005 20221125091624.5
041 0 |a fre 
044 |a FR 
245 1 0 |a Les dirigeants: managers ou propriétaires?  |c M. Bauer, B. Bertin-Mourot 
520 |a Príklad 200 veľkých francúzskych podnikov. Moc vlastníkov. Manažérska revolúcia. Ako sa človek stane vlastníkom. Malé podniky - vlastníkova moc. Ako sa stať vedúcim a vlastníkom malého a stredného podniku. (Cadres - CFDT 1990, č. 344.). 
610 2 0 |a manažment 
610 2 0 |a pracovníci riadiaci 
610 2 0 |a podnik malý 
610 2 0 |a podnik stredný 
610 2 0 |a podnik veľký 
610 2 0 |a Francúzsko 
610 2 0 |a vlastníctvo súkromné 
100 1 |a Bauer, M. 
700 1 |a Bertin-Mourot, B.